MARC

LEADER 00000cam a2200000 7i4500
001 0000008182
005 20090416.0
008 070912
020 |a 0804114986 
090 0 0 |a TAN   |b ENG 
100 1 |a Tan, Amy 
245 1 4 |a The bonesetter's daughter   |c Amy Tan 
260 |a New York :   |b Ballantine Books ,   |c 2001 
650 0 |a Chinese   |z Carlifornia   |z San Francisco   |x fiction 
650 0 |a Mothers and daughters   |z Carlifornia   |z San Francisco   |x fiction 
650 0 |a Women   |z China   |x social conditions   |x 20th century   |x fiction 
651 0 |a China   |x social life and customs   |x 1912-1949   |x fiction 
999 |a 0001047490   |b Book   |c Adult Collection   |e Perbadanan Perpustakaan Awam Johor 
999 |a 0001047491   |b Book   |c Adult Collection   |e Perbadanan Perpustakaan Awam Johor 
999 |a 0001047492   |b Book   |c Adult Collection   |e Perbadanan Perpustakaan Awam Johor